日本の世界遺産 -正確に- - Statistics

General Stats
  • This quiz has been taken 86 times
  • The average score is 11 of 25
Answer Stats
世界遺産 所属都道府県 区分 % Correct
白神山地 青森県・秋田県 自然
83%
姫路城 兵庫県 文化
80%
屋久島 鹿児島県 自然
79%
厳島神社 広島県 文化
76%
原爆ドーム 広島県 文化
73%
知床 北海道 自然
70%
小笠原諸島 東京都 自然
67%
古都奈良の文化財 奈良県 文化
66%
日光の社寺 栃木県 文化
57%
白川郷・五箇山の合掌造り集落 岐阜県・富山県 文化
46%
法隆寺地域の仏教建造物 奈良県 文化
44%
富士山‐信仰の対象と芸術の源泉‐ 山梨県・静岡県 文化
43%
琉球王国のグスク及び関連遺産群 沖縄県 文化
40%
紀伊山地の霊場と参詣道 三重県・奈良県・和歌山県 文化
34%
石見銀山遺跡とその文化的景観 島根県 文化
34%
北海道・北東北の縄文遺跡群 北海道・青森県・岩手県・秋田県 文化
30%
富岡製糸場と絹産業遺産群 群馬県 文化
29%
奄美大島、徳之島、沖縄島北部及び西表島 鹿児島県・沖縄県 自然
23%
古都京都の文化財(京都市、宇治市、大津市) 京都府・滋賀県 文化
21%
長崎と天草地方の潜伏キリシタン関連遺産 長崎県・熊本県 文化
21%
明治日本の産業革命遺産 製鉄・製鋼、造船、石炭産業 福岡県・佐賀県・長崎県・熊本県・鹿児島県・山口県・岩手県・静岡県 文化
19%
平泉‐仏国土(浄土)を表す建築・庭園及び考古学的遺跡群‐ 岩手県 文化
17%
ル・コルビュジエの建築作品‐近代建築運動への顕著な貢献‐ 東京都 文化
14%
「神宿る島」宗像・沖ノ島と関連遺産群 福岡県 文化
14%
百舌鳥・古市古墳群‐古代日本の墳墓群‐ 大阪府 文化
14%
No matching quizzes found
Score Distribution
Percent of People with Each Score
Percentile by Number Answered
Your Score History
You have not taken this quiz